| 000 | 00993cam a2200205 4500 | ||
|---|---|---|---|
| 001 | WB3919-06 | ||
| 008 | 030522n2003 000 0 eng u | ||
| 035 | _a(Sirsi) u122374 | ||
| 245 | _aShopping mall deals out of sync | ||
| 260 | _c2003 | ||
| 490 |
_aRetail Week _v16 May 2003, 33(1) |
||
| 520 | _aResearch by DTZ and Jones Lang LaSalle reveal that the investment market is out of step with the occupational market. Figures show that investment in shopping centres is strong but there is concern that investors do not share the same confidence as the retailers. Other companies such as Donaldsons suggest more caution as retailers become more reluctant to commit to new units and external factors such as war cause uncertainty in the market. | ||
| 590 | _aWB | ||
| 650 | _aSHOPPING CENTRES | ||
| 650 | _aRETAIL SECTOR | ||
| 650 | _aINVESTORS | ||
| 650 | _aINSTITUTIONAL INVESTORS | ||
| 690 | _aPROPERTY-COMMERCIAL PROPERTY-COMMERCIAL PROPERTY FINANCE AND INVESTMENT | ||
| 942 | _n0 | ||
| 999 |
_c72731 _d72731 |
||